|
|
|
|
| LEADER |
00000cam a2200000 a 4500 |
| 001 |
vtls011759054 |
| 003 |
SK-MaSNL |
| 005 |
20260302091131.0 |
| 008 |
250317s1919 xr 000 0bcze |
| 015 |
|
|
|a SNBA1919
|
| 035 |
|
|
|a urn:nbn:sk:snk-am00d2p5
|
| 035 |
|
|
|a urn:nbn:sk:snk-am3hjn9
|
| 035 |
|
|
|a F58B181C-A154-4AE1-A822-9285BB4302D6
|
| 040 |
|
|
|a SNK
|b slo
|c SNK
|e AACR2
|
| 041 |
0 |
|
|a cze
|
| 044 |
|
|
|a xr
|c CZ
|
| 080 |
|
|
|a 32-051
|2 1981
|
| 080 |
|
|
|a 929
|2 1981
|
| 100 |
1 |
|
|a Vonka, Rudolf Jordán,
|d 1877-1964
|4 aut
|9 125410
|
| 245 |
1 |
0 |
|a T.G. Masaryk
|b nejkrásnější pohádka na světě
|c pro mládež napsal Rudolf Vonka
|
| 260 |
|
|
|a V Nymburce
|b Svatopluk Hrnčíř
|c 1919
|
| 300 |
|
|
|a 32 s.
|b fotogr.
|c 16 cm
|
| 490 |
1 |
|
|a Vzkříšení
|v 1919, č. 1
|
| 600 |
1 |
7 |
|a Masaryk, Tomáš Garrigue,
|d 1850-1937
|2 SNKMA
|9 98178
|
| 655 |
|
7 |
|a profily
|2 SNKPH
|9 341977
|
| 655 |
|
7 |
|a publikácie pre mládež
|2 SNKPH
|9 70434
|
| 752 |
|
|
|a Česko
|d Nymburk
|
| 830 |
|
0 |
|a Vzkříšení
|9 431359
|
| 852 |
|
|
|a Slovenská národná knižnica
|
| 958 |
|
|
|a EUIPO
|
| 958 |
|
|
|a OND
|
| 999 |
|
|
|c 1199313
|d 1201243
|
| 952 |
|
|
|a SNK
|b SNK
|y PREZ
|7 0
|p 17A0913035
|o snkSD 4676/1
|i snk5217/49
|0 0
|1 0
|4 0
|d 2018-05-29
|f 1
|l 0
|r 2025-11-11 00:00:00
|w 2026-02-24
|